[Event "Winnipeg TNT July op"]
[Site "Winnipeg"]
[Date "2013.07.09"]
[Round "2"]
[White "Leaden, Bruce"]
[Black "Dykman, Tony"]
[Result "1-0"]
[WhiteElo "1605"]
[BlackElo "1301"]
[PlyCount "73"]
[EventDate "2013.07.02"]
[EventType "swiss"]
[EventRounds "5"]
[EventCountry "CAN"]
[SourceTitle "EXT 2022"]
[Source "ChessBase"]
[SourceDate "2021.10.06"]
[SourceVersion "1"]
[SourceVersionDate "2021.10.06"]
[SourceQuality "1"]

1. e4 e6 2. d4 d5 3. Nc3 Bb4 4. Bd2 c5 5. a3 Bxc3 6. bxc3 c4 7. exd5 exd5 8. Nf3 Ne7 9. g3 Qa5 10. Bg2 f6 11. 0-0 0-0 12. Re1 Nbc6 13. Re3 Re8 14. Bc1 Bd7 15. Qd2 Nc8 16. Nh4 N6e7 17. f4 f5 18. Nf3 Ng6 19. h4 Nd6 20. Bb2 Re6 21. h5 Nf8 22. Ne5 Ne4 23. Bxe4 fxe4 24. Qh2 Rh6 25. g4 Be8 26. Rf1 Qd8 27. Bc1 Nd7 28. Rh3 Nxe5 29. fxe5 Rf6 30. exf6 Qd7 31. Qf4 Bf7 32. Qg5 g6 33. Qh6 Qxg4+ 34. Kf2 Qf5+ 35. Ke2 Qxf6 36. Rxf6 b5 37. hxg6 1-0

[Event "Winnipeg TNT March op"]
[Site "Winnipeg"]
[Date "2013.03.26"]
[Round "4"]
[White "Reimer, Bruce"]
[Black "Dykman, Tony"]
[Result "1-0"]
[WhiteElo "1641"]
[BlackElo "1261"]
[PlyCount "53"]
[EventDate "2013.03.05"]
[EventType "swiss"]
[EventRounds "4"]
[EventCountry "CAN"]
[SourceTitle "EXT 2022"]
[Source "ChessBase"]
[SourceDate "2021.10.06"]
[SourceVersion "1"]
[SourceVersionDate "2021.10.06"]
[SourceQuality "1"]

1. c4 Nf6 2. g3 g6 3. Bg2 d5 4. b3 Bg7 5. Bb2 0-0 6. cxd5 Nxd5 7. Bxg7 Kxg7 8. e4 Nf6 9. d4 Bd7 10. e5 Nc6 11. exf6+ exf6 12. Ne2 Re8 13. 0-0 Bf5 14. Nbc3 Re7 15. Re1 a6 16. Qd2 Rd7 17. d5 Nb4 18. Nd4 Nxd5 19. Nxf5+ gxf5 20. Nxd5 c6 21. Qc2 cxd5 22. Qxf5 Rd6 23. Rad1 Qd7 24. Qxd7 Rxd7 25. Rxd5 Rad8 26. Red1 Kh8 27. Rxd7 1-0

[Event "Winnipeg TNT February op"]
[Site "Winnipeg"]
[Date "2013.02.19"]
[Round "3"]
[White "Dykman, Tony"]
[Black "Smith, Nick J"]
[Result "0-1"]
[WhiteElo "1262"]
[BlackElo "1439"]
[PlyCount "66"]
[EventDate "2013.02.05"]
[EventType "swiss"]
[EventRounds "4"]
[EventCountry "CAN"]
[SourceTitle "EXT 2022"]
[Source "ChessBase"]
[SourceDate "2021.10.06"]
[SourceVersion "1"]
[SourceVersionDate "2021.10.06"]
[SourceQuality "1"]

1. e4 e5 2. Nf3 Nc6 3. Bb5 a6 4. Ba4 b5 5. Bb3 Nf6 6. Nc3 Bc5 7. 0-0 0-0 8. Nd5 d6 9. d3 h6 10. Be3 Bxe3 11. Nxe3 Bb7 12. Qd2 Ne7 13. Rfe1 Re8 14. Re2 c5 15. c4 Ng6 16. g3 Bc8 17. Nf5 Ne7 18. Nxh6+ gxh6 19. Qxh6 Ng4 20. Qg5+ Ng6 21. Qxd8 Rxd8 22. h3 Nf6 23. Kg2 b4 24. Rh1 Kf8 25. Ree1 Ke7 26. Nh2 Rg8 27. Kf1 Bxh3+ 28. Ke2 Rh8 29. Kd2 Bg2 30. Reg1 Bxh1 31. Rxh1 Rh7 32. Bd1 Rah8 33. Bf3 Rxh2 0-1

[Event "Winnipeg TNT January op"]
[Site "Winnipeg"]
[Date "2013.01.08"]
[Round "1"]
[White "Dykman, Tony"]
[Black "Einarsson, Ken"]
[Result "0-1"]
[WhiteElo "1264"]
[BlackElo "1829"]
[PlyCount "60"]
[EventDate "2013.01.08"]
[EventType "swiss"]
[EventRounds "4"]
[EventCountry "CAN"]
[SourceTitle "EXT 2022"]
[Source "ChessBase"]
[SourceDate "2021.10.06"]
[SourceVersion "1"]
[SourceVersionDate "2021.10.06"]
[SourceQuality "1"]

1. e4 c6 2. d4 d5 3. Nc3 dxe4 4. Nxe4 Bf5 5. Bd3 Qxd4 6. Nf3 Qd5 7. Qe2 e6 8. Nfg5 Nd7 9. 0-0 Be7 10. Re1 Ngf6 11. b3 0-0 12. Bb2 Rad8 13. c4 Qa5 14. a4 h6 15. Nxf6+ Nxf6 16. Bxf5 Qxf5 17. Nf3 Rd3 18. Nd4 Qg6 19. Rab1 Bb4 20. Red1 Rxd1+ 21. Rxd1 Rd8 22. h3 Qe4 23. Qxe4 Nxe4 24. Rd3 c5 25. Re3 cxd4 26. Rxe4 d3 27. Rg4 g6 28. Bf6 Rd7 29. Rd4 Rxd4 30. Bxd4 d2 0-1